000 00274nam a2200097Ia 4500
001 1042452
005 20250826232101.0
008 250824s9999 xx 000 0 und d
245 0 _aİSLAMİ YENİDEN DOĞUŞUN MESELELERİ
_cALİYA İZZETBEGOVİÇ
260 _bKETEBE YAYINLARI
999 _c1042452
_d1042452